Yhdistyneitä valtioita maailmankartalla #1 - Statistics

Yleistilastot
  • Tätä visaa on pelattu 1 194 kertaa
  • Keskiarvotulos 14 / 17
Vastaukset kartalla
Vastauksille on annettu kartalla punavihreä väri sen mukaan, kuinka moni on saanut sen oikein.
 
Vastaustilastot
Valtio % Oikein
Kiina
99%
Egypti
89%
Laos
89%
Iran
88%
Irak
87%
Libya
84%
Israel
83%
Kambodža
82%
Uzbekistan
81%
Kirgisia
80%
Turkmenistan
80%
Jordania
79%
Kongon dem. tasavalta
76%
Tšad
76%
Angola
72%
Namibia
72%
Keski-Afrikan tasavalta
70%
Ehtoja vastaavia visoja ei löytynyt
Tulosjakauma
Jokaisen tuloksen saaneiden osuus
Persentiili vastausten määrän mukaan
Tuloshistoriasi
Et ole pelannut tätä visaa